000 00748nas a2200229 i 4500
001 2150
003 ES-MaACL
005 20250824012557.0
007 t|
008 950801d1838 fr | | 1 ||re d
080 _a44
245 0 0 _aRevue du théatre.
_nVIII.
260 _aParis :
_bBureau du journal,
_c[1838] (
_fImp. de A. Belin)
300 _aP. 177-320 ;
_c25 cm.
362 0 _a[1re année (juillet 1834)]-5e année (février 1838)
530 _aDisponible en formato digital.
650 7 _aTeatro
_2embne
_917290
650 4 _aTeatro-
_zFrancia-
_yS.XIX.
_9174697
852 4 _x
_x
_aBA
_jR-2502 Olim: G-1760
856 4 _uhttps://gallica.bnf.fr/ark:/12148/cb328593618/date
_zBNF-Gallica
999 _c2150
_d2150